00579cam a22002053a 450000100060000000300060000600500170001200800410002904000150007004200070008505000070009224500890009926000290018850600300021751600200024765300160026770000190028383000290030285600420033118935PGUSA20140828083413.0060729s2006||||xxu|||||s|||||000 | eng d aPGUSAbeng adc 4aRC10aVanity, All Is Vanity :bA Lecture on Tobacco and its effectsh[electronic resource] bProject Gutenberg,c2006 aPublic domain in the USA. aElectronic text aTobacco use1 aCranmer, J. J. 0aProject Gutenbergv1893540uhttp://www.gutenberg.org/ebooks/18935